[Event "Niedersachsen-ch op-B"]
[Site "Verden"]
[Date "2016.01.05"]
[Round "6"]
[White "Kassner, Ralph"]
[Black "Rossberg, Jonathan"]
[Result "1/2-1/2"]
[WhiteElo "1738"]
[BlackElo "1746"]
[PlyCount "77"]
[EventDate "2016.01.03"]
[EventType "swiss"]
[EventRounds "7"]
[EventCountry "GER"]
[SourceTitle "EXT 2018"]
[Source "ChessBase"]
[SourceDate "2017.10.13"]
[SourceVersion "1"]
[SourceVersionDate "2017.10.13"]
[SourceQuality "1"]

1. Nf3 Nf6 2. g3 g6 3. Bg2 Bg7 4. d3 d5 5. c3 0-0 6. 0-0 c5 7. Nbd2 Nc6 8. e4 dxe4 9. Nxe4 Nxe4 10. dxe4 b6 11. Qa4 Qc7 12. Rd1 Bd7 13. Qc2 Rad8 14. Be3 Bc8 15. Rxd8 Rxd8 16. Rd1 Na5 17. Rxd8+ Qxd8 18. Qd2 Qxd2 19. Nxd2 Be6 20. a3 Nc4 21. Nxc4 Bxc4 22. f4 e5 23. Kf2 Kf8 24. Bh3 Ke7 25. Bc8 Kd6 26. Bb7 a5 27. fxe5+ Bxe5 28. Bf4 f6 29. Ke3 g5 30. Bxe5+ Kxe5 31. Bc8 Be6 32. Ba6 Bd7 33. Bc4 Bc6 34. Bd3 b5 35. b4 axb4 36. axb4 c4 37. Bc2 Bd7 38. Bd1 Bc6 39. Bf3 1/2-1/2